000 00949nam a22003017a 4500
001 5128
003 FISKH
005 20250828111703.0
008 241107b cb ||||| |||| 00| 0 eng d
020 _a0590465147
040 _aFISKH
_beng
_cFISKH
_dFISKH
050 _aPZ8.G537
082 _a398.2
100 _aGoble, Paul
_d(1933–2017)
245 _aThe girl who loved wild horses /
_cStory and Illustrations by Paul Goble
250 _aFirst printing in 1992
260 _aNew York :
_bScholastic,
_c1992.
300 _a27 pages :
_bcolor illustrations ;
_c26 cm
505 _aR
520 _aThough she is fond of her people, a girl prefers to live among the wild horses where she is truly happy and free.
521 8 _a670
_bLexile
521 8 _aR
_bRaz-Plus
650 _2Fiction
_aNative American
_vHorses
650 _2Animals
_aChildren
700 _aGoble, Paul
_dIllustrator
942 _2ddc
_cBK
_n0
999 _c5128
_d5128